Normal view
MARC view
- المحاسبة المالية- الاقتصاد الاسلامي
Entry Topical Term
001 - CONTROL NUMBER
- control field: 31497
003 - CONTROL NUMBER IDENTIFIER
- control field: JO-AjAnu
005 - DATE AND TIME OF LATEST TRANSACTION
- control field: 20230606075313.0
008 - FIXED-LENGTH DATA ELEMENTS
- fixed length control field: 230606|| aca||aabn | a|a d
040 ## - CATALOGING SOURCE
- Original cataloging agency: JO-AjAnu
- Transcribing agency: JO-AjAnu
150 ## - HEADING--TOPICAL TERM
- Topical term or geographic name entry element: المحاسبة المالية- الاقتصاد الاسلامي
670 ## - SOURCE DATA FOUND
- Source citation: Work cat.: (JO-AjAnu)16172: الذيبة، زياد عبد الحليم /م.مشارك: حسين محمد سمحان, author 31496, دراسات محاسبية اسلامية